000 00731nam a2200265Ia 4500
003 OSt
005 20220918223315.0
006 a|||||r|||| 00| 0
007 ta
008 220917b |||||||| |||| 00| 0 eng d
024 _a221,866
037 _cTextual
040 _aARTS
_cARTS
_beng
041 _2eng
_aeng
082 _aSN1:(X:8), N4
100 _aSteers Richard M.
_9145408
245 0 _aOrganizational behavior
250 _a5th
260 _aNew York
_bHarper Collins College Publishers
_c1994
300 _axxiii, 727p.
_ccm.
650 _aPSYCHOLOGY
700 _a Black J. Stewart
_9145409
942 _hSN1:(X:8), N4
_cTEXL
_2CC
999 _c278072
_d278072